Johann Christian Bach (Lp H-71165) (Record n. 103461)

Dettagli MARC
000 -LEADER
fixed length control field 01053njm a2200289Ia 4500
001 - CONTROL NUMBER
control field 24009
003 - CONTROL NUMBER IDENTIFIER
control field IT-RoPAU
005 - DATE AND TIME OF LATEST TRANSACTION
control field 20220918181206.0
008 - FIXED-LENGTH DATA ELEMENTS--GENERAL INFORMATION
fixed length control field 131025s9999 xx 000 0 und d
040 ## - CATALOGING SOURCE
Original cataloging agency IT-RoPAU
040 ## - CATALOGING SOURCE
Transcribing agency IT-RoPAU
999 ## - SYSTEM CONTROL NUMBERS (KOHA)
Koha Dewey Subclass [OBSOLETE] n.d.
100 ## - MAIN ENTRY--PERSONAL NAME
Personal name Bach Johann Christian
9 (RLIN) 8226
100 ## - MAIN ENTRY--PERSONAL NAME
Relator term Autore musica
9 (RLIN) 8227
100 ## - MAIN ENTRY--PERSONAL NAME
Miscellaneous information Codice autore musica SPICS: 13796
9 (RLIN) 8228
245 ## - TITLE STATEMENT
Title Johann Christian Bach (Lp H-71165)
250 ## - EDITION STATEMENT
Edition statement 1a ed.
260 ## - PUBLICATION, DISTRIBUTION, ETC. (IMPRINT)
Place of publication, distribution, etc. NEW YORK
260 ## - PUBLICATION, DISTRIBUTION, ETC. (IMPRINT)
Name of publisher, distributor, etc. NONESUCH RECORDS
Date of publication, distribution, etc. 1967 [1a Ed.:1967]
300 ## - PHYSICAL DESCRIPTION
Extent DISCO
300 ## - PHYSICAL DESCRIPTION
Dimensions 52 minuti (Testo: pag.)
500 ## - GENERAL NOTE
General note Musica classica. Musica sinfonica. Violino, violoncello, flauto. Oboe
505 ## - FORMATTED CONTENTS NOTE
Formatted contents note Sinfonia in d mag For Double Orchestra op 18 n. 3 - Sinfonia in e mag For Double Orchestra op 18 n. 5 - Sinfonia concertante in c mag For flauto, Oboe, Violino, Violoncello & Orchestra.
511 ## - PARTICIPANT OR PERFORMER NOTE
Participant or performer note The Little Orchestra of London diretta da Jones Leslie
650 ## - SUBJECT ADDED ENTRY--TOPICAL TERM
Topical term or geographic name as entry element SINFONICA [DISCHI]
Relator term Codice MATERIA SPICS: 9950
9 (RLIN) 1288
942 ## - ADDED ENTRY ELEMENTS (KOHA)
Koha item type DISCHI
Source of classification or shelving scheme Dewey Decimal Classification
Dati di copia
Withdrawn status Lost status Damaged status Not for loan Home library Current library Date acquired Total Checkouts Full call number Date last seen Price effective from Koha item type Public note
    Buone Condizioni Not For Loan SPICS-MEDIATECA SPICS-MEDIATECA 25/10/2013   24009 25/10/2013 25/10/2013 DISCHI Progr. Ins.: 4856 / N.Vol.: 1 / Copie: 1 - Copia rara: n.d. / date import: 01.01.2014 - By Epidotti, Trombetti, Vaglietti
CREDITS: SOCIETA' SAN PAOLO Via A.Severo, 58 - ROMA (RM) & PERIODICI SAN PAOLO SRL Via Giotto, 36 MILANO & CISF Via Giotto, 36 MILANO & EDIZIONI SAN PAOLO SRL,  Piazza Soncino, 5 CINISELLO BALSAMO (MI) -- ITALY